Paesi che non contengono la "A" - Statistics

Statistiche generali
  • Questo quiz è stato fatto 598 volte
  • Il punteggio medio è 16 su 25
Statistiche sulle risposte
Paesi % Corretto
Cile
84%
Liechtenstein
81%
Perù
81%
Lussemburgo
78%
Messico
78%
Belgio
77%
Kosovo
75%
Egitto
73%
Montenegro
73%
Figi
70%
Regno Unito
69%
Yemen
65%
Lesotho
63%
Cipro
62%
Togo
61%
Belize
60%
Benin
59%
Gibuti
58%
Niger
58%
Burundi
52%
Brunei
49%
Filippine
46%
Seychelles
45%
Timor Est
43%
Comore
42%
Nessun quiz corrispondente trovato
Distribuzione punteggi
Percentuale di utenti per punteggio
Percentile per numero di risposta
I tuoi punteggi nel tempo
Non hai fatto questo quiz